• 首页
  • 本馆介绍
  • 公告通知
  • 最新文献
  • 馆藏检索
  • 电子资源
  • 读者导购
  • 参考咨询
  • 我的图书馆
  • 登录
  • 详细信息显示
  • 放入我的书架
  • 预约/预借图书
  • 作者相关作品
  • 分类相关作品
  • 丛书相关作品
  • 出版社相关作品

书目信息

  • 表格格式
  • 工作单格式
  • 卡片格式
题名:
汽车驾驶技巧、经验与禁忌
    
 
作者: 姚时俊 主编
分册:  
出版信息: 北京   人民交通出版社  2004
页数: 210页
开本: 20cm
丛书名:
单 册:
中图分类: U471.1
科图分类:
主题词: 汽车--驾驶术--基本知识 , 汽车 , 驾驶术
电子资源:
ISBN: 7-114-05282-0
000 00826nam0 2200253 450
001 002772350
005 20061107095033.39
010    @a7-114-05282-0@dCNY12.00
100    @a20040820d2004 em y0chiy0110 ea
101 0  @achi
102    @aCN@b110000
105    @aa z 000yy
200 1  @a汽车驾驶技巧、经验与禁忌@9qi che jia shi ji qiao 、 jing yan yu jin ji@f姚时俊主编
210    @a北京@c人民交通出版社@d2004
215    @a210页@c图@d20cm
300    @a道路交通安全法知识讲座
330    @a本书以汽车驾驶技巧、经验与禁忌为主线,内容涵盖:基础驾驶,一般道路驾驶,复杂路段驾驶,复杂道路驾驶,特殊环境行车等。
606 0  @a汽车@x驾驶术@x基本知识
606 0  @a汽车
606 0  @a驾驶术
690    @aU471.1@v4
701  0 @a姚时俊@9yao shi jun@c(汽车装饰)@4主编
801  0 @aCN@bNLC@c20061107
905    @a10447@dU471.1@e138
    
    汽车驾驶技巧、经验与禁忌/姚时俊主编.-北京:人民交通出版社,2004
    210页:图;20cm
    道路交通安全法知识讲座
    
    ISBN 7-114-05282-0:CNY12.00
    本书以汽车驾驶技巧、经验与禁忌为主线,内容涵盖:基础驾驶,一般道路驾驶,复杂路段驾驶,复杂道路驾驶,特殊环境行车等。
●
相关链接 在E读中查询图书 在五车中查询图书 在当当中查询图书 在豆瓣中查询图书


正题名:汽车驾驶技巧、经验与禁忌     索取号:U471.1/138         预约/预借

序号 登录号 条形码 馆藏地/架位号 状态 备注
1 0382321   203823210   第二样本阅览室/ [索取号:U471.1/138] 在馆    
2 0382322   203823229   第三借阅区/ [索取号:U471.1/138] 在馆    
3 0382323   203823238   第三借阅区/ [索取号:U471.1/138] 在馆    
4 0382324   203823247   第三借阅区/ [索取号:U471.1/138] 在馆    
5 0382325   203823256   第三借阅区/ [索取号:U471.1/138] 在馆    
唐山师范学院图书馆 欢迎您!
大连网信软件有限公司© 版权所有